TOEFL : Test of english as a foregin language 2002- 2003. An office guide form ETS educational testing servies.

Guardat en:
Dades bibliogràfiques
Format: Llibre
Idioma:Undetermined
Publicat: Thành phố Hồ Chí Minh Trẻ 2004
Matèries:
Etiquetes: Afegir etiqueta
Sense etiquetes, Sigues el primer a etiquetar aquest registre!
Thư viện lưu trữ: Trung tâm Học liệu Trường Đại học Cần Thơ
LEADER 00670nam a2200205Ia 4500
001 CTU_87124
008 210402s9999 xx 000 0 und d
020 |c 20000 
082 |a 428.0076 
082 |b P895 
245 0 |a TOEFL : 
245 0 |b Test of english as a foregin language 2002- 2003. An office guide form ETS educational testing servies. 
245 0 |c Ban biên dịch First New 
260 |a Thành phố Hồ Chí Minh 
260 |b Trẻ 
260 |c 2004 
650 |a English language,English language 
650 |x Study and teaching,Textbooks for foreign speakers 
904 |i Truc 
980 |a Trung tâm Học liệu Trường Đại học Cần Thơ